All Europa League Winners - Statistics

General Stats
  • This quiz has been taken 43 times
  • The average score is 26 of 49
Answer Stats
Season Team % Correct
2019-20 Sevilla
100%
2015-16 Sevilla
100%
2014-15 Sevilla
100%
2013-14 Sevilla
100%
2006-07 Sevilla
100%
2005-06 Sevilla
100%
2018-19 Chelsea
82%
2012-13 Chelsea
82%
2017-18 Atletico
71%
2011-12 Atletico
71%
2009-10 Atletico
71%
1991-92 Ajax
68%
1997-98 Inter Milan
68%
1993-94 Inter Milan
68%
1990-91 Inter Milan
68%
2000-01 Liverpool
63%
1975-76 Liverpool
63%
1972-73 Liverpool
63%
1995-96 Bayern
58%
1992-93 Juventus
58%
1989-90 Juventus
58%
1976-77 Juventus
58%
2010-2011 Porto
58%
2002-03 Porto
58%
1983-84 Tottenham Hotspur
58%
1971-72 Tottenham Hotspur
58%
1977-78 PSV Eindhoven
55%
2003-04 Valencia
55%
1985-86 Real Madrid
53%
1984-85 Real Madrid
53%
2001-02 Feyenoord
47%
1973-74 Feyenoord
47%
1988-89 Napoli
45%
2016-17 Man United
39%
2007-08 Zenit
37%
1982-83 Anderlecht
26%
1979-80 Eintracht Frankfurt
26%
1998-99 Parma
26%
1994-95 Parma
26%
1996-97 Schalke 04
26%
1999-00 Galatasaray
24%
2004-05 CSKA Moscow
21%
2008-09 Shakhtar Donetsk
21%
1978-79 Monchengladbach
18%
1974-75 Monchengladbach
18%
1980-81 Ipswich
16%
1987-88 Bayer Leverkusen
13%
1986-87 IFK Goteborg
5%
1981-82 IFK Goteborg
5%
No matching quizzes found
Score Distribution
Percent of People with Each Score
Percentile by Number Answered
Your Score History
You have not taken this quiz